[Event "Titled Tuesday intern op 18th Jul Late"]
[Site "Chess.com INT"]
[Date "2023.07.18"]
[Round "8"]
[White "Gaal, Zsoka"]
[Black "Ilyuchyk, Yana"]
[Result "1-0"]
[WhiteElo "2328"]
[BlackElo "2141"]
[PlyCount "117"]
[EventDate "2023.07.18"]
[EventType "swiss (blitz)"]
[EventRounds "11"]
[EventCountry "USA"]
[SourceTitle "EXT 2024"]
[Source "ChessBase"]
[SourceDate "2023.10.10"]
[SourceVersion "1"]
[SourceVersionDate "2023.10.10"]
[SourceQuality "1"]

1. Nf3 Nf6 2. g3 g6 3. b3 Bg7 4. Bb2 0-0 5. Bg2 d6 6. d4 Nbd7 7. 0-0 Re8 8. c4 c6 9. Nc3 e5 10. Qc2 Qe7 11. dxe5 dxe5 12. Rad1 e4 13. Ng5 e3 14. f4 Nc5 15. b4 Bf5 16. Qc1 Ncd7 17. c5 Ng4 18. Nge4 Bxe4 19. Nxe4 Ndf6 20. Qc3 Nh5 21. Qb3 Red8 22. h3 Nf2 23. Nxf2 exf2+ 24. Kxf2 Re8 25. e4 g5 26. Bxg7 Kxg7 27. Kg1 gxf4 28. gxf4 Qh4 29. Qf3 Kh8 30. Qg4 Qxg4 31. hxg4 Ng3 32. Rfe1 Rad8 33. Rxd8 Rxd8 34. Kf2 Rd3 35. Re3 Rxe3 36. Kxe3 h5 37. Kf2 h4 38. e5 Kg7 39. a4 f6 40. e6 f5 41. gxf5 Kf6 42. b5 Nxf5 43. bxc6 bxc6 44. Bxc6 Kxe6 45. Bg2 Nd4 46. c6 Kd6 47. Be4 a5 48. Kg2 Ne6 49. Kf3 Nd4+ 50. Kg4 Nxc6 51. Bxc6 Kxc6 52. Kxh4 Kc5 53. f5 Kb4 54. f6 Kxa4 55. f7 Kb3 56. f8Q a4 57. Qf1 a3 58. Qa1 a2 59. Kg4 1-0

[Event "Titled Tuesday intern op 18th Jul Late"]
[Site "Chess.com INT"]
[Date "2023.07.18"]
[Round "4"]
[White "Gutierrez Olivares, Daniel"]
[Black "Ilyuchyk, Yana"]
[Result "0-1"]
[WhiteElo "2354"]
[BlackElo "2141"]
[PlyCount "58"]
[EventDate "2023.07.18"]
[EventType "swiss (blitz)"]
[EventRounds "11"]
[EventCountry "USA"]
[SourceTitle "EXT 2024"]
[Source "ChessBase"]
[SourceDate "2023.10.10"]
[SourceVersion "1"]
[SourceVersionDate "2023.10.10"]
[SourceQuality "1"]

1. Nf3 Nf6 2. g3 g6 3. Bg2 Bg7 4. 0-0 0-0 5. c4 d6 6. Nc3 e5 7. b4 Re8 8. a4 a5 9. b5 Nbd7 10. Bb2 Nc5 11. Ne1 Be6 12. d3 d5 13. cxd5 Nxd5 14. Rc1 b6 15. Ba3 Nxc3 16. Rxc3 e4 17. Rxc5 bxc5 18. Bxe4 Bd5 19. Qc2 Bxe4 20. dxe4 Qd4 21. Bxc5 Qxe4 22. Qb3 Qxe2 23. Ng2 Qe6 24. Qc2 Rad8 25. Be3 Rd7 26. Re1 Qe4 27. Qb3 Qd3 28. Qb2 Bxb2 29. Nf4 Qb3 0-1

[Event "Online Olym Div Top-B"]
[Site "Chess.com INT"]
[Date "2021.09.10"]
[Round "9.3"]
[White "Ilyuchyk, Yana"]
[Black "Moaataz, Ayah"]
[Result "1-0"]
[WhiteElo "2170"]
[BlackElo "2032"]
[PlyCount "119"]
[EventDate "2021.09.08"]
[EventType "team (rapid)"]
[EventRounds "9"]
[EventCountry "USA"]
[SourceTitle "CBM 204 Extra"]
[Source "ChessBase"]
[SourceDate "2021.11.30"]
[SourceVersion "1"]
[SourceVersionDate "2021.11.30"]
[SourceQuality "1"]
[WhiteTeam "Belarus"]
[BlackTeam "Egypt"]
[WhiteTeamCountry "BLR"]
[BlackTeamCountry "EGY"]

1. e4 c6 2. d4 d5 3. Nd2 dxe4 4. Nxe4 Bf5 5. Ng3 Bg6 6. Nh3 e6 7. Nf4 Bd6 8. c3 Qc7 9. Qf3 Ne7 10. Nxg6 hxg6 11. Ne4 Nf5 12. Nxd6+ Qxd6 13. Bf4 Qd5 14. Qxd5 cxd5 15. Bb5+ Nc6 16. f3 Kd7 17. Kf2 a6 18. Bd3 Na5 19. g4 Nd6 20. h4 Nac4 21. b3 Na3 22. Rac1 Rac8 23. h5 gxh5 24. gxh5 Nab5 25. Bd2 Rhg8 26. a4 Nc7 27. Bf4 b5 28. axb5 Ncxb5 29. Bd2 Rc6 30. Rhg1 Rh8 31. Rg5 Ne8 32. Ra1 f6 33. Rg2 Kd6 34. Ke3 Nxc3 35. Rxa6 Nd1+ 36. Ke2 Nb2 37. Bf4+ e5 38. dxe5+ Kc5 39. Be3+ d4 40. Bxd4+ Kxd4 41. Rxc6 Nxd3 42. Rc4+ Kxe5 43. Kxd3 Ke6 44. Re2+ Kd7 45. Rc5 Nc7 46. b4 Ne6 47. Rf5 Rxh5 48. Rxh5 Nf4+ 49. Ke4 Nxe2 50. Rh7 Nc3+ 51. Kf5 Nd5 52. Rxg7+ Kd6 53. Rb7 Kc6 54. Rb8 Kc7 55. Rb5 Ne3+ 56. Kxf6 Kc6 57. Rc5+ Kd6 58. Kg6 Nd5 59. Rxd5+ Kxd5 60. f4 1-0

[Event "Online Olym Div Top-B"]
[Site "Chess.com INT"]
[Date "2021.09.08"]
[Round "2.4"]
[White "Ilyuchyk, Yana"]
[Black "Agrest, Inna"]
[Result "0-1"]
[WhiteElo "2170"]
[BlackElo "2256"]
[PlyCount "114"]
[EventDate "2021.09.08"]
[EventType "team (rapid)"]
[EventRounds "9"]
[EventCountry "USA"]
[SourceTitle "CBM 204 Extra"]
[Source "ChessBase"]
[SourceDate "2021.11.30"]
[SourceVersion "1"]
[SourceVersionDate "2021.11.30"]
[SourceQuality "1"]
[WhiteTeam "Belarus"]
[BlackTeam "Sweden"]
[WhiteTeamCountry "BLR"]
[BlackTeamCountry "SWE"]

1. e4 e5 2. Nf3 Nc6 3. Bb5 a6 4. Ba4 Nf6 5. 0-0 b5 6. Bb3 Bc5 7. c3 d6 8. a4 Bg4 9. h3 Bh5 10. axb5 axb5 11. Rxa8 Qxa8 12. d3 0-0 13. Bg5 Nd7 14. Nbd2 Kh8 15. g4 Bg6 16. Bd5 Nb6 17. Bxc6 Qxc6 18. b4 f6 19. Bh4 Na4 20. bxc5 Nxc3 21. Qc2 Qxc5 22. Kh2 Nxe4 23. Qxc5 Nxc5 24. d4 Nd3 25. dxe5 fxe5 26. Kg3 h6 27. Ne1 Nf4 28. Ng2 Bd3 29. g5 Bxf1 30. Nxf1 hxg5 31. Bxg5 Ne2+ 32. Kg4 Rxf2 33. Nge3 b4 34. Bd8 b3 35. Nd2 Nd4 36. Nxb3 Rf4+ 37. Kh5 Nxb3 38. Bxc7 Rf3 39. Ng2 Rxh3+ 40. Nh4 Nd4 41. Kg4 Rh1 42. Ng6+ Kh7 43. Nf8+ Kg8 44. Bxd6 Rg1+ 45. Kh3 Nf5 46. Bc5 Rg3+ 47. Kh2 e4 48. Ne6 Rc3 49. Bg1 Nh4 50. Bf2 Rc2 51. Kg1 Nf5 52. Ng5 e3 53. Be1 Nd4 54. Ba5 Rc5 55. Bd8 Rc1+ 56. Kg2 e2 57. Ba5 e1Q 0-1

[Event "EU-ch (Women) 21st"]
[Site "Iasi"]
[Date "2021.08.20"]
[Round "11"]
[White "Ilyuchyk, Yana"]
[Black "Navrotescu, Andreea Cristiana"]
[Result "1-0"]
[WhiteElo "2097"]
[BlackElo "2249"]
[PlyCount "85"]
[EventDate "2021.08.09"]
[EventType "swiss"]
[EventRounds "11"]
[EventCountry "ROU"]
[SourceTitle "CBM 203 Extra"]
[Source "ChessBase"]
[SourceDate "2021.09.30"]
[SourceVersion "1"]
[SourceVersionDate "2021.09.30"]
[SourceQuality "1"]

1. e4 e6 2. d4 d5 3. Nc3 Bb4 4. e5 c5 5. a3 Bxc3+ 6. bxc3 Ne7 7. Nf3 Qa5 8. Bd2 Qa4 9. Qb1 c4 10. h4 Nbc6 11. h5 h6 12. g3 Bd7 13. Bh3 0-0-0 14. 0-0 Rdf8 15. Nh2 f5 16. exf6 gxf6 17. Re1 Nf5 18. Nf3 Nd6 19. Nh4 Re8 20. Ng6 Rh7 21. Bg2 Qa5 22. Qd1 e5 23. dxe5 fxe5 24. Qf3 Ne4 25. Rxe4 dxe4 26. Qxe4 Kc7 27. Rb1 Qa6 28. Nf8 Rf7 29. Nxd7 Rxd7 30. Bxh6 Rh8 31. Qe3 Rd6 32. Bg7 Rxh5 33. Qf3 Rg5 34. Bf6 e4 35. Qf4 Rg6 36. Bh8 Rh6 37. Bg7 Rh7 38. Bf8 Re7 39. Bxe4 Kd7 40. Bxe7 Kxe7 41. Bf5 Nd8 42. Re1+ Ne6 43. Qe5 1-0

[Event "EU-ch (Women) 21st"]
[Site "Iasi"]
[Date "2021.08.10"]
[Round "2"]
[White "Belenkaya, Dina"]
[Black "Ilyuchyk, Yana"]
[Result "0-1"]
[WhiteElo "2350"]
[BlackElo "2097"]
[PlyCount "114"]
[EventDate "2021.08.09"]
[EventType "swiss"]
[EventRounds "11"]
[EventCountry "ROU"]
[SourceTitle "CBM 203 Extra"]
[Source "ChessBase"]
[SourceDate "2021.09.30"]
[SourceVersion "1"]
[SourceVersionDate "2021.09.30"]
[SourceQuality "1"]

1. e4 c5 2. Nf3 Nc6 3. Bb5 g6 4. Bxc6 dxc6 5. d3 Bg7 6. 0-0 Nf6 7. Nc3 Nd7 8. Be3 e5 9. Qd2 h6 10. h3 b6 11. Nh2 Nf8 12. f4 exf4 13. Bxf4 Ne6 14. Be3 Nd4 15. Nd1 Qd6 16. c3 Be5 17. Nf3 Nxf3+ 18. Rxf3 Be6 19. Nf2 g5 20. d4 0-0-0 21. Rd1 cxd4 22. cxd4 Bg7 23. Qe2 Qb4 24. d5 cxd5 25. Qa6+ Kb8 26. Bxb6 axb6 27. Ra3 Qc5 28. Kh1 Qc6 29. Qa7+ Kc8 30. e5 Rd7 31. Qa6+ Qb7 32. Qb5 Bxe5 33. Nd3 Bd6 34. Ra6 Bc7 35. Rc1 Rd6 36. Qa4 Kb8 37. Rxc7 Kxc7 38. Ra7 d4 39. Rxb7+ Kxb7 40. Qb4 Rhd8 41. a4 Rd5 42. Qe7+ R8d7 43. Qf6 h5 44. b4 Rf5 45. Qh6 g4 46. hxg4 hxg4 47. Kh2 Rc7 48. Qh8 Rd5 49. Qg7 Rc3 50. Qh7 Rf5 51. Qh4 Rxd3 52. Qe7+ Kc6 53. b5+ Kd5 54. g3 Rf2+ 55. Kg1 Rc2 56. Qb7+ Kc4 57. Qc6+ Kb3 0-1

[Event "BLR-ch (Women) 65th"]
[Site "Minsk"]
[Date "2021.05.15"]
[Round "8.3"]
[White "Ilyuchyk, Yana"]
[Black "Kulagina, Svetlana"]
[Result "1-0"]
[WhiteElo "2084"]
[BlackElo "2088"]
[PlyCount "81"]
[EventDate "2021.05.08"]
[EventType "swiss"]
[EventRounds "9"]
[EventCountry "BLR"]
[SourceTitle "CBM 202 Extra"]
[Source "ChessBase"]
[SourceDate "2021.07.31"]
[SourceVersion "1"]
[SourceVersionDate "2021.07.31"]
[SourceQuality "1"]

1. e4 e6 2. d4 d5 3. Nc3 Nf6 4. e5 Nfd7 5. Nce2 c5 6. c3 Nc6 7. Nf3 Qb6 8. a3 c4 9. Nf4 Be7 10. h4 Na5 11. g3 Nb3 12. Rb1 Nxc1 13. Qxc1 a5 14. Bh3 Nb8 15. Ng5 Bxg5 16. hxg5 Nc6 17. Nh5 Kf8 18. Qf4 Qd8 19. Bg4 Rg8 20. Kf1 a4 21. Kg2 Ne7 22. Qd2 Ng6 23. Nf4 Rh8 24. Ne2 Ne7 25. Rh2 Kg8 26. Rbh1 Nf5 27. Bf3 Ne7 28. Nf4 Ng6 29. Nh5 Ra6 30. Bd1 b5 31. Bc2 Ra7 32. f4 Bd7 33. g4 Qc8 34. Ng3 Nf8 35. f5 g6 36. Qf2 Qd8 37. f6 Bc6 38. Ne2 Be8 39. Qh4 h6 40. Qxh6 Rxh6 41. Rxh6 1-0

[Event "BLR-ch (Women) 65th"]
[Site "Minsk"]
[Date "2021.05.14"]
[Round "7.3"]
[White "Beinenson, Katsiaryna"]
[Black "Ilyuchyk, Yana"]
[Result "0-1"]
[WhiteElo "2009"]
[BlackElo "2084"]
[PlyCount "78"]
[EventDate "2021.05.08"]
[EventType "swiss"]
[EventRounds "9"]
[EventCountry "BLR"]
[SourceTitle "CBM 202 Extra"]
[Source "ChessBase"]
[SourceDate "2021.07.31"]
[SourceVersion "1"]
[SourceVersionDate "2021.07.31"]
[SourceQuality "1"]

1. e4 c5 2. Nf3 Nc6 3. d4 cxd4 4. Nxd4 Nf6 5. Nc3 d6 6. Be3 e5 7. Nb3 Be6 8. Qd2 Be7 9. f3 0-0 10. 0-0-0 a5 11. Qf2 Qb8 12. Kb1 Rc8 13. Bb5 Nb4 14. a3 a4 15. Nc1 d5 16. axb4 d4 17. Bxd4 exd4 18. Qxd4 a3 19. b3 Rd8 20. Qb6 Qe5 21. N1e2 a2+ 22. Nxa2 Rdc8 23. Ba4 Rxa4 24. f4 Qxe4 25. Nec3 Qxg2 26. bxa4 Bxa2+ 27. Kb2 Be6 28. Rhe1 Bf5 29. Re2 Qf3 30. Qd4 Bf8 31. Re3 Qf2 32. Rd2 Qf1 33. Rg3 Rc4 34. Rd1 Rxd4 35. Rxf1 Rxb4+ 36. Kc1 Bd6 37. Rgf3 h5 38. Kd2 Bg4 39. R3f2 Bc5 0-1

[Event "BLR-ch (Women) 65th"]
[Site "Minsk"]
[Date "2021.05.11"]
[Round "4.1"]
[White "Ilyuchyk, Yana"]
[Black "Tarasenka, Aliaksandra"]
[Result "0-1"]
[WhiteElo "2084"]
[BlackElo "2033"]
[PlyCount "78"]
[EventDate "2021.05.08"]
[EventType "swiss"]
[EventRounds "9"]
[EventCountry "BLR"]
[SourceTitle "CBM 202 Extra"]
[Source "ChessBase"]
[SourceDate "2021.07.31"]
[SourceVersion "1"]
[SourceVersionDate "2021.07.31"]
[SourceQuality "1"]

1. c4 Nf6 2. Nc3 e6 3. g3 d5 4. Bg2 Be7 5. Nf3 0-0 6. cxd5 exd5 7. d3 c5 8. 0-0 d4 9. Nb1 Nc6 10. Bg5 Be6 11. Qc1 Rc8 12. Nbd2 Nb4 13. a3 Nbd5 14. Ne4 Nxe4 15. dxe4 Nb6 16. h4 Nc4 17. Bxe7 Qxe7 18. Ng5 Na5 19. Qf4 Nb3 20. Rab1 Bc4 21. e5 f6 22. exf6 Rxf6 23. Qg4 Re8 24. Rfe1 h6 25. Ne4 Re6 26. f3 Re5 27. Qh3 Bd5 28. Rbd1 c4 29. g4 Bxe4 30. fxe4 Qc5 31. Kh1 Rxe4 32. Bxe4 Rxe4 33. Qf3 Qe7 34. Qg3 Re3 35. Qf2 Qe4+ 36. Qg2 Rh3+ 37. Kg1 Qe3+ 38. Kf1 Qf4+ 39. Kg1 Rg3 0-1

[Event "BLR-ch (Women) 65th"]
[Site "Minsk"]
[Date "2021.05.10"]
[Round "3.1"]
[White "Poliakova, Varvara"]
[Black "Ilyuchyk, Yana"]
[Result "1/2-1/2"]
[WhiteElo "1908"]
[BlackElo "2084"]
[PlyCount "149"]
[EventDate "2021.05.08"]
[EventType "swiss"]
[EventRounds "9"]
[EventCountry "BLR"]
[SourceTitle "CBM 202 Extra"]
[Source "ChessBase"]
[SourceDate "2021.07.31"]
[SourceVersion "1"]
[SourceVersionDate "2021.07.31"]
[SourceQuality "1"]

1. e4 c5 2. Nf3 Nc6 3. d4 cxd4 4. Nxd4 e5 5. Nf5 d5 6. Qxd5 Qxd5 7. exd5 Bxf5 8. dxc6 bxc6 9. c3 Nf6 10. Ba6 Rb8 11. Nd2 Bc5 12. 0-0 0-0 13. h3 Rfe8 14. Re1 Bc2 15. Bc4 a5 16. Nb3 Bb6 17. Re2 Bg6 18. Be3 Bxe3 19. Rxe3 Nd5 20. Bxd5 cxd5 21. Nxa5 Rxb2 22. Nc6 f6 23. a3 Kf7 24. h4 Rc8 25. Nb4 d4 26. cxd4 exd4 27. Rg3 Rd2 28. Re1 Rc3 29. Nd5 Rxg3 30. fxg3 Ra2 31. Rd1 d3 32. h5 Be4 33. Nf4 Rxa3 34. Kf2 f5 35. Ke3 Kf6 36. g4 Ke5 37. Rd2 fxg4 38. g3 Rc3 39. Ne6 Kxe6 40. Kxe4 Kf6 41. Rf2+ Kg5 42. Rf5+ Kh6 43. Rd5 d2 44. Kf4 Rc4+ 45. Ke3 d1Q 46. Rxd1 Kxh5 47. Rd5+ Kh6 48. Rd7 g5 49. Rd6+ Kg7 50. Rd7+ Kg6 51. Rd6+ Kf5 52. Rd5+ Kf6 53. Rd6+ Ke5 54. Rh6 Rc3+ 55. Kf2 Rc2+ 56. Ke3 Rg2 57. Rxh7 Rxg3+ 58. Kf2 Ra3 59. Rf7 Ke4 60. Rb7 g3+ 61. Kg2 Kf4 62. Rb4+ Kf5 63. Rc4 Kg6 64. Rg4 Kf5 65. Rxg3 Ra2+ 66. Kh3 Ra4 67. Kg2 g4 68. Rb3 Kf4 69. Rc3 Ra2+ 70. Kg1 Kg5 71. Rb3 Kh4 72. Rc3 g3 73. Rc8 Ra1+ 74. Kg2 Ra2+ 75. Kg1 1/2-1/2

[Event "FISU World University"]
[Site "Tornelo INT"]
[Date "2020.10.27"]
[Round "4.3"]
[White "Martynkova, Olena"]
[Black "Ilyuchyk, Yana"]
[Result "0-1"]
[WhiteElo "2222"]
[BlackElo "2119"]
[PlyCount "76"]
[EventDate "2020.10.26"]
[EventType "team-swiss (rapid)"]
[EventRounds "9"]
[EventCountry "NET"]
[SourceTitle "CBM 199 Extra"]
[Source "ChessBase"]
[SourceDate "2021.01.31"]
[SourceVersion "1"]
[SourceVersionDate "2021.01.31"]
[SourceQuality "1"]
[WhiteTeam "Ukraine"]
[BlackTeam "Belarus"]
[WhiteTeamCountry "UKR"]
[BlackTeamCountry "BLR"]

1. d4 Nf6 2. Nf3 g6 3. g3 Bg7 4. c4 0-0 5. Bg2 d6 6. 0-0 Nc6 7. Nc3 e5 8. dxe5 dxe5 9. Bg5 Be6 10. Qa4 h6 11. Rfd1 Bd7 12. Bxf6 Bxf6 13. Bh3 Bxh3 14. Rxd8 Raxd8 15. Nd5 Bg7 16. e4 Rd7 17. b4 a6 18. b5 axb5 19. cxb5 Nd4 20. Nxd4 exd4 21. f3 Be6 22. Nf4 d3 23. Rd1 Rd4 24. Qa7 Bc4 25. Qxb7 d2 26. Qxc7 g5 27. Nd5 Be2 28. Qc2 Bxd1 29. Qxd1 Kh8 30. Ne7 Rfd8 31. Kf2 Rc4 32. Nd5 Bc3 33. Qb3 Ba5 34. Ke2 Rc1 35. Qb2+ Kg8 36. Ne3 Re1+ 37. Kf2 Rxe3 38. Qf6 d1Q 0-1

[Event "FISU World University"]
[Site "Tornelo INT"]
[Date "2020.10.26"]
[Round "3.4"]
[White "Ilyuchyk, Yana"]
[Black "Ivekovic, Tihana"]
[Result "1-0"]
[WhiteElo "2119"]
[BlackElo "2127"]
[PlyCount "53"]
[EventDate "2020.10.26"]
[EventType "team-swiss (rapid)"]
[EventRounds "9"]
[EventCountry "NET"]
[SourceTitle "CBM 199 Extra"]
[Source "ChessBase"]
[SourceDate "2021.01.31"]
[SourceVersion "1"]
[SourceVersionDate "2021.01.31"]
[SourceQuality "1"]
[WhiteTeam "Belarus"]
[BlackTeam "Croatia"]
[WhiteTeamCountry "BLR"]
[BlackTeamCountry "CRO"]

1. e4 e6 2. d4 d5 3. Nc3 Bb4 4. e5 c5 5. a3 Bxc3+ 6. bxc3 Ne7 7. Nf3 Qa5 8. Bd2 c4 9. h4 Bd7 10. h5 h6 11. g3 Nbc6 12. Bh3 0-0-0 13. 0-0 a6 14. a4 Kb8 15. Nh4 Nc8 16. f4 Rdg8 17. f5 exf5 18. Bxf5 Bxf5 19. Rxf5 Nd8 20. Qb1 Ne7 21. Rf3 g6 22. hxg6 Nxg6 23. Nf5 h5 24. Nd6 Rg7 25. Bg5 Qc7 26. Bf6 Rhg8 27. Bxg7 1-0

[Event "BLR-ch (Women) 64th"]
[Site "Minsk"]
[Date "2020.10.22"]
[Round "5"]
[White "Tarasenka, Aliaksandra"]
[Black "Ilyuchyk, Yana"]
[Result "1/2-1/2"]
[WhiteElo "2070"]
[BlackElo "2119"]
[PlyCount "73"]
[EventDate "2020.10.18"]
[EventType "tourn"]
[EventRounds "7"]
[EventCountry "BLR"]
[SourceTitle "EXT 2022"]
[Source "ChessBase"]
[SourceDate "2021.10.06"]
[SourceVersion "1"]
[SourceVersionDate "2021.10.06"]
[SourceQuality "1"]

1. d4 Nf6 2. Nf3 g6 3. g3 Bg7 4. Bg2 0-0 5. 0-0 d6 6. c4 Nc6 7. Nc3 e5 8. d5 Nb8 9. e4 a5 10. a3 Nbd7 11. Bg5 h6 12. Be3 Ng4 13. b4 Nxe3 14. fxe3 b6 15. Qb3 Nf6 16. c5 Ng4 17. Na4 axb4 18. axb4 bxc5 19. bxc5 h5 20. h3 Nh6 21. Nc3 Rxa1 22. Rxa1 f5 23. Ra8 Qe7 24. c6 fxe4 25. Nd2 Bf5 26. Rxf8+ Bxf8 27. Qb8 h4 28. Nb5 Qf7 29. Nxc7 hxg3 30. Nf1 Bxh3 31. Bxh3 Qf2+ 32. Kh1 Ng4 33. Bg2 Nxe3 34. Nxe3 Qxe3 35. Qb1 Qh6+ 36. Kg1 Qe3+ 37. Kh1 1/2-1/2

[Event "Titled Tuesday intern op 18th Aug"]
[Site "Chess.com INT"]
[Date "2020.08.18"]
[Round "3"]
[White "Buksa, Nataliya"]
[Black "Ilyuchyk, Yana"]
[Result "1-0"]
[WhiteElo "2410"]
[BlackElo "2119"]
[PlyCount "73"]
[EventDate "2020.08.18"]
[EventType "swiss (blitz)"]
[EventRounds "10"]
[EventCountry "USA"]
[SourceTitle "CBM 197 Extra"]
[Source "ChessBase"]
[SourceDate "2020.09.30"]
[SourceVersion "1"]
[SourceVersionDate "2020.09.30"]
[SourceQuality "1"]

1. d4 Nf6 2. Nc3 g6 3. e4 d6 4. Bg5 c6 5. e5 Nfd7 6. exd6 Qa5 7. dxe7 Bg7 8. Nf3 h6 9. Be3 c5 10. Bc4 Nc6 11. 0-0 Nxe7 12. Qd2 Nf5 13. Rfe1 0-0 14. d5 Nf6 15. Bf4 a6 16. a4 Bd7 17. Ne5 b5 18. axb5 Qb4 19. Ra4 Qxb2 20. Nd3 Ne4 21. Nxe4 Qd4 22. Bb3 c4 23. Rxc4 Qb6 24. bxa6 Bb5 25. Rb4 Qa5 26. c3 Bxa6 27. Ne5 Qd8 28. Nc6 Qd7 29. Nc5 Qc8 30. g4 Bb7 31. gxf5 Bxc6 32. dxc6 Qxf5 33. Bg3 h5 34. Nd7 Rfe8 35. Rf4 Rxe1+ 36. Qxe1 Qg5 37. Re4 1-0

[Event "Titled Tuesday intern op 18th Aug"]
[Site "Chess.com INT"]
[Date "2020.08.18"]
[Round "2"]
[White "Ilyuchyk, Yana"]
[Black "Caspi, Israel"]
[Result "0-1"]
[WhiteElo "2119"]
[BlackElo "2489"]
[PlyCount "100"]
[EventDate "2020.08.18"]
[EventType "swiss (blitz)"]
[EventRounds "10"]
[EventCountry "USA"]
[SourceTitle "CBM 197 Extra"]
[Source "ChessBase"]
[SourceDate "2020.09.30"]
[SourceVersion "1"]
[SourceVersionDate "2020.09.30"]
[SourceQuality "1"]

1. e4 d5 2. exd5 Qxd5 3. Nc3 Qd6 4. d4 Nf6 5. Nf3 a6 6. g3 Bg4 7. Bg2 Nc6 8. h3 Bh5 9. 0-0 0-0-0 10. Be3 e6 11. a3 Be7 12. b4 Nd5 13. Ne4 Qd7 14. c4 Nxe3 15. fxe3 f5 16. Nc3 Bf6 17. Rc1 g5 18. b5 axb5 19. cxb5 Na5 20. Qa4 b6 21. Kh2 Qd6 22. e4 Bxf3 23. Rxf3 Qxd4 24. exf5 exf5 25. Rxf5 Qxa4 26. Nxa4 Rd6 27. Nc3 Bxc3 28. Rxc3 h6 29. Rf7 Rd7 30. Rf6 Rg7 31. Be4 Kb8 32. Rcf3 Rgg8 33. Rf7 Nc4 34. Rc3 Nd6 35. Rcxc7 Nxf7 36. Rxf7 Re8 37. Rb7+ Kc8 38. Bg2 Re3 39. Rxb6 Rxa3 40. Rc6+ Kd7 41. b6 Rb3 42. Rc7+ Kd6 43. Rc6+ Kd7 44. Rg6 Rb2 45. b7 Rf8 46. Rxh6 Rff2 47. Rh7+ Kd6 48. Kh1 Rb1+ 49. Kh2 Ke5 50. Re7+ Kd6 0-1

[Event "Titled Tuesday intern op 18th Aug"]
[Site "Chess.com INT"]
[Date "2020.08.18"]
[Round "10"]
[White "Ilyuchyk, Yana"]
[Black "Theil, Carey"]
[Result "1-0"]
[WhiteElo "2119"]
[BlackElo "2158"]
[PlyCount "97"]
[EventDate "2020.08.18"]
[EventType "swiss (blitz)"]
[EventRounds "10"]
[EventCountry "USA"]
[SourceTitle "CBM 197 Extra"]
[Source "ChessBase"]
[SourceDate "2020.09.30"]
[SourceVersion "1"]
[SourceVersionDate "2020.09.30"]
[SourceQuality "1"]

1. e4 c5 2. Nf3 Nc6 3. d4 cxd4 4. Nxd4 g6 5. Nc3 Bg7 6. Be3 Nf6 7. Bc4 0-0 8. Bb3 d6 9. f3 Bd7 10. Qd2 Na5 11. 0-0-0 Nxb3+ 12. axb3 a5 13. h4 a4 14. bxa4 Bxa4 15. h5 Bd7 16. Bh6 Ra1+ 17. Nb1 Qa5 18. Nb3 Qxd2+ 19. Bxd2 Raa8 20. h6 Bh8 21. Bg5 Rfe8 22. e5 Nh5 23. exd6 exd6 24. Rxd6 Be6 25. Rhd1 Rac8 26. Nc3 Bxb3 27. cxb3 Ng3 28. Kb1 Nf5 29. Rd7 b6 30. Nd5 b5 31. g4 Ng3 32. Ne7+ Rxe7 33. Rd8+ Re8 34. Rxc8 Rxc8 35. Rd5 Ne2 36. Rxb5 Nd4 37. Rb7 Nxf3 38. Be3 Ne5 39. g5 Ng4 40. Bf4 Be5 41. Bd2 Nf2 42. b4 Bb8 43. b5 Ne4 44. Bb4 Be5 45. b6 Bf4 46. Re7 Bxg5 47. Rxe4 Bxh6 48. b7 Rb8 49. Re7 1-0

[Event "Speed Chess (Women) Q5"]
[Site "Chess.com INT"]
[Date "2020.06.22"]
[Round "2"]
[White "Antolak, Julia"]
[Black "Ilyuchyk, Yana"]
[Result "1-0"]
[WhiteElo "2323"]
[BlackElo "2119"]
[PlyCount "83"]
[EventDate "2020.06.22"]
[EventType "swiss (blitz)"]
[EventRounds "13"]
[EventCountry "USA"]
[SourceTitle "CBM 196 Extra"]
[Source "ChessBase"]
[SourceDate "2020.07.31"]
[SourceVersion "1"]
[SourceVersionDate "2020.07.31"]
[SourceQuality "1"]

1. e4 c5 2. Nf3 Nc6 3. d4 cxd4 4. Nxd4 Nf6 5. Nc3 d6 6. Bg5 e6 7. Qd2 Be7 8. 0-0-0 0-0 9. f4 Nxd4 10. Qxd4 Qa5 11. Kb1 Rd8 12. Be2 Bd7 13. Qe3 Bc6 14. g4 b5 15. Bf3 b4 16. Ne2 e5 17. f5 d5 18. Bxf6 Bxf6 19. g5 Be7 20. exd5 Bxd5 21. Bxd5 Rxd5 22. f6 Bf8 23. fxg7 Bxg7 24. Ng3 Rad8 25. Rde1 Rd2 26. Ne4 R2d4 27. Nf6+ Kh8 28. b3 Qb6 29. Qf3 Qc7 30. Qf5 Bxf6 31. gxf6 Kg8 32. Qg5+ Kf8 33. Qg7+ Ke8 34. Qg8+ Kd7 35. Qxf7+ Kc8 36. Qe6+ Kb7 37. f7 R8d6 38. Qf5 Qd8 39. f8Q Rd1+ 40. Kb2 Rxe1 41. Qxd8 Rxd8 42. Rxe1 1-0

[Event "Speed Chess (Women) Q5"]
[Site "Chess.com INT"]
[Date "2020.06.22"]
[Round "13"]
[White "Pham, Bich Ngoc"]
[Black "Ilyuchyk, Yana"]
[Result "1-0"]
[WhiteElo "2235"]
[BlackElo "2119"]
[PlyCount "133"]
[EventDate "2020.06.22"]
[EventType "swiss (blitz)"]
[EventRounds "13"]
[EventCountry "USA"]
[SourceTitle "CBM 196 Extra"]
[Source "ChessBase"]
[SourceDate "2020.07.31"]
[SourceVersion "1"]
[SourceVersionDate "2020.07.31"]
[SourceQuality "1"]

1. g3 g6 2. Bg2 Bg7 3. e4 c5 4. f4 d6 5. Nf3 e6 6. 0-0 Nc6 7. c3 Nge7 8. d3 0-0 9. Be3 b6 10. Nbd2 d5 11. e5 Bb7 12. a4 Nf5 13. Bf2 d4 14. Qe2 dxc3 15. bxc3 Qd7 16. Ne4 Ba6 17. Rfd1 Rad8 18. g4 Nfe7 19. Nd6 Nd5 20. Qd2 f6 21. Bg3 fxe5 22. fxe5 Rxf3 23. Bxf3 Nxe5 24. Bxe5 Bxe5 25. Ne4 Qg7 26. d4 Bf4 27. Qa2 Be3+ 28. Kh1 cxd4 29. cxd4 Bxd4 30. Rac1 Be3 31. Rc6 Qf7 32. Bg2 Bb7 33. Nd6 Rxd6 34. Rxd6 Nf4 35. Rd8+ Kg7 36. R8d7 Bxg2+ 37. Qxg2 Nxg2 38. Rxf7+ Kxf7 39. Kxg2 Bc5 40. Rd7+ Kf6 41. Rxh7 a5 42. Kf3 g5 43. Ke4 Bb4 44. Rh6+ Ke7 45. Rg6 Bd2 46. Rg7+ Kd6 47. Kd3 Bf4 48. h3 Kc5 49. Rf7 Kb4 50. h4 Kxa4 51. h5 Be5 52. Re7 b5 53. Rxe6 Ba1 54. h6 b4 55. h7 Ka3 56. Re8 a4 57. h8Q Bxh8 58. Rxh8 b3 59. Kc3 Ka2 60. Rh2+ Ka3 61. Rh1 b2 62. Rb1 Ka2 63. Rxb2+ Ka3 64. Rb5 Ka2 65. Rxg5 a3 66. Ra5 Kb1 67. Rxa3 1-0

[Event "Speed Chess (Women) Q4"]
[Site "Chess.com INT"]
[Date "2020.06.21"]
[Round "7"]
[White "Ilyuchyk, Yana"]
[Black "Batsiashvili, Nino"]
[Result "1-0"]
[WhiteElo "2119"]
[BlackElo "2457"]
[PlyCount "83"]
[EventDate "2020.06.21"]
[EventType "swiss (blitz)"]
[EventRounds "9"]
[EventCountry "USA"]
[SourceTitle "CBM 196 Extra"]
[Source "ChessBase"]
[SourceDate "2020.07.31"]
[SourceVersion "1"]
[SourceVersionDate "2020.07.31"]
[SourceQuality "1"]

1. e4 e5 2. Nf3 Nc6 3. Nc3 Nf6 4. d4 exd4 5. Nxd4 Bb4 6. Nxc6 bxc6 7. Bd3 0-0 8. 0-0 d5 9. exd5 cxd5 10. h3 c6 11. Qf3 Rb8 12. Bf4 Bd6 13. b3 Bxf4 14. Qxf4 Be6 15. Ne2 c5 16. Rad1 Qa5 17. Ng3 c4 18. Bf5 Qxa2 19. Ra1 Qb2 20. bxc4 Qb6 21. Rfe1 d4 22. Bxe6 fxe6 23. Qe5 Rfe8 24. c5 Qb7 25. Qxd4 Rbd8 26. Qc4 Nd5 27. c6 Qc7 28. Rab1 Rc8 29. Qg4 Nf6 30. Qd4 Qxc6 31. Qxa7 Rc7 32. Qb6 Qxc2 33. Rxe6 Qxb1+ 34. Qxb1 Rxe6 35. Qb3 Rce7 36. Nf5 Re8 37. Nd4 Kf7 38. f4 g6 39. g4 Nd7 40. f5 gxf5 41. gxf5 Nc5 42. Qd5 1-0